Most Populous Capital Cities as a Percent of their Country - Statistics

General Stats
  • This quiz has been taken 48 times
  • The average score is 7 of 18
Answer Stats
Capital City Population % of population Capital City % Correct
1,000 100.0% Vatican City
98%
5,917,600 100.0% Singapore
96%
38,350 100.0% Monaco
85%
2,989,000 70.3% Kuwait City
48%
133,262 36.0% Reykjavík
48%
1,186,023 44.1% Doha
43%
211,908 40.6% Malé
33%
274,400 67.3% Nassau
28%
1,466,125 43.8% Ulaanbaatar
28%
110,000 39.1% Bridgetown
26%
240,924 39.3% Paramaribo
26%
6,320 56.4% Funafuti
22%
1,319,108 38.5% Montevideo
22%
1,096,100 39.3% Yerevan
20%
4,061,150 36.4% Amman
17%
27,797 66.1% Majuro
9%
604,013 54.6% Djibouti City
2%
70,480 54.7% Tarawa
2%
No matching quizzes found
Score Distribution
Percent of People with Each Score
Percentile by Number Answered
Your Score History
You have not taken this quiz